Designing sustainable cities in the developing world. (Record no. 7424)

MARC details
000 -LEADER
fixed length control field 00787nam a22002177a 4500
003 - CONTROL NUMBER IDENTIFIER
control field OSt
005 - DATE AND TIME OF LATEST TRANSACTION
control field 20211108110324.0
008 - FIXED-LENGTH DATA ELEMENTS--GENERAL INFORMATION
fixed length control field 211108b ||||| |||| 00| 0 eng d
020 ## - INTERNATIONAL STANDARD BOOK NUMBER
International Standard Book Number 9780754643555
040 ## - CATALOGING SOURCE
Transcribing agency DDC
082 ## - DEWEY DECIMAL CLASSIFICATION NUMBER
Classification number 307.1216 DES 2006
100 ## - MAIN ENTRY--PERSONAL NAME
Personal name Edited by Roger ,Zetter: Georgia, Butina Watson
9 (RLIN) 15202
245 ## - TITLE STATEMENT
Title Designing sustainable cities in the developing world.
260 ## - PUBLICATION, DISTRIBUTION, ETC. (IMPRINT)
Place of publication, distribution, etc. England ; Burlington, VT :
Name of publisher, distributor, etc. Ashgate;
Date of publication, distribution, etc. c2006
300 ## - PHYSICAL DESCRIPTION
Extent xviii, 210 p. :
Other physical details ill. ;
Dimensions 25 cm.
504 ## - BIBLIOGRAPHY, ETC. NOTE
Bibliography, etc Includes bibliographical references and index.
650 ## - SUBJECT ADDED ENTRY--TOPICAL TERM
Topical term or geographic name as entry element City planning -- Developing countries .
9 (RLIN) 15203
650 ## - SUBJECT ADDED ENTRY--TOPICAL TERM
Topical term or geographic name as entry element Cities and towns -- Developing countries -- Growth.
9 (RLIN) 15204
650 ## - SUBJECT ADDED ENTRY--TOPICAL TERM
Topical term or geographic name as entry element Sustainable development -- Developing countries.
9 (RLIN) 15205
942 ## - ADDED ENTRY ELEMENTS (KOHA)
Source of classification or shelving scheme Dewey Decimal Classification
Koha item type Book
Holdings
Withdrawn status Lost status Source of classification or shelving scheme Damaged status Not for loan Home library Current library Date acquired Source of acquisition Inventory number Total Checkouts Full call number Barcode Date last seen Price effective from Koha item type
    Dewey Decimal Classification     MUST Main Library Faculty of Management Science Library 08/11/2021 Purchase 15/39299   307.1216 DES 2006 2021-1618 08/11/2021 08/11/2021 Book